000 01041nam a2200241 i 4500
001 189362
003 SpMaBN
005 20260525062939.0
008 190524s1958 sp |||| | spa d
080 _a860-4"19"
100 1 _aUnamuno, Miguel de,
_d1864-1936
_9111982
245 1 0 _aAlmas de jóvenes /
_cMiguel de Unamuno.
250 _a3ª ed.
260 _aMadrid :
_bEspasa-Calpe,
_c1958.
300 _a153 p. ;
_c18 cm.
490 1 _aColección austral ;
_v499
505 8 _aContiene: Sobre la filosofía española (diálogo) ; ¡Plenitud de plenitudes y todo plenitud! ; El perfecto pescador de caña (después de leer a Walton) ; A lo que salga ; Sobre la soberbia ; Los naturales y los espirituales ; Sobre la lectura e interpretación del Quijote
600 1 4 _aCervantes Saavedra, Miguel de,
_d1547-1616.
_tDon Quijote de la Mancha-
_xCrítica e interpretación
_937618
650 4 _aFilosofía-
_zEspaña.
_912842
830 1 _aColección austral
_v499
_9177655
852 _aES-MaACL
_jL-32361
999 _c189362
_d189362